| 000 | 00816nam a2200229Ii 4500 | ||
|---|---|---|---|
| 003 | JO-AjNU | ||
| 008 | 230605s9999||||xx |||||||||||||| ||und|| | ||
| 017 | _a2007/2/413 | ||
| 020 | _a978-9957-07-503-3 | ||
| 040 |
_aJO-AjNU _bara _erda _cJO-AjNU |
||
| 041 | _aara | ||
| 050 | 1 | 4 | _aBP721.Z8758 2011 |
| 100 | 3 |
_aالزريقات، إبراهيم عبد الله فرج, _eauthor _942739 |
|
| 245 | 0 | 0 | _aتعديل سلوك الأطفال والمراهقين : المفاهيم والتطبيقات |
| 250 | _aط2 | ||
| 264 | 3 | 1 | _aعمان: دار الفكر ناشرون وموزعون، 2011 |
| 300 |
_a440ص _bالمراجع(ص429-440) |
||
| 336 |
_atext _btxt _2rdacontent |
||
| 337 |
_aunmediated _bn _2rdamedia |
||
| 338 |
_avolume _bnc _2rdacarrier |
||
| 650 | 4 |
_aالاطفال- علم النفس _942740 |
|
| 999 |
_aA18323 _c21891 _d21891 |
||